| 000 | 00699cam a22002058i 4500 | ||
|---|---|---|---|
| 008 | 171012s2017 nyu 000 0 eng | ||
| 020 | _a9781292187853 (print) | ||
| 050 | 0 | 0 |
_aHB171.5 _b.S635 2017 |
| 082 | 0 | 0 | _a330 |
| 100 | 1 | _aSloman, John, | |
| 245 | 1 | 0 |
_aEconomics / _cJohn Sloman, The Economics Network, University of Bristol, Visiting Professor, University of the West of England, Dean Garratt, Nottingham Business School, Jon Guest, Coventry University. |
| 250 | _aTenth Edition. | ||
| 260 |
_aHarlow _bPearson _c2018 |
||
| 300 | _apages cm | ||
| 500 | _aRevised edition of Economics, [2015] | ||
| 650 | 0 | _aEconomics. | |
| 700 | 1 | _aGarratt, Dean, | |
| 700 | 1 | _aGuest, Jon, | |
| 942 | _cBK | ||
| 999 |
_c3376 _d3376 |
||